| 000 | 00509nam a2200205Ia 4500 | ||
|---|---|---|---|
| 008 | 170918s9999 xx 000 0 und d | ||
| 020 | _a9780545477574 | ||
| 050 | _bR848 2010 | ||
| 100 | _aRotner, Shelley | ||
| 245 | 4 | _aThe buzz on bees : | |
| 245 | _bwhy are they disappearing? / | ||
| 245 | _cShelley Rotner & Anne Woodhull. | ||
| 260 | _aNew York : | ||
| 260 | _bScholastic, | ||
| 260 | _c2010 | ||
| 300 | _aunpaged : | ||
| 300 | _bcolored illustration ; | ||
| 300 | _c22cm. | ||
| 500 | _a950 | ||
| 999 |
_c341948 _d341948 |
||